|
|
|
|
| LEADER |
00827nab a2200217 i 4500 |
| 001 |
misc68191 |
| 005 |
20230215143159.0 |
| 008 |
220330s1987 hu o 0|| ger d |
| 040 |
|
|
|a SZTE Miscellanea Repozitórium
|b hun
|
| 041 |
|
|
|a ger
|
| 100 |
1 |
|
|a Gülensoy Tuncer
|
| 245 |
1 |
4 |
|a Die Bemerkungen über die Lebende türkische Sprache in den Nomadenstämmen
|h [elektronikus dokumentum] /
|c Gülensoy Tuncer
|
| 260 |
|
|
|a Türkische Ideenagentur
|b [Ankara]
|c 1987
|
| 300 |
|
|
|a 14 p.
|c 20 cm
|
| 561 |
|
|
|a Németh Gyula hagyaték
|
| 591 |
|
|
|a OA 2067;OA 2068
|
| 650 |
|
4 |
|a Bölcsészettudományok
|
| 650 |
|
4 |
|a Nyelvek és irodalom
|
| 695 |
|
|
|a Török nyelv
|
| 856 |
4 |
0 |
|u http://misc.bibl.u-szeged.hu/68191/1/2067_oa_g75.pdf
|z Dokumentum-elérés
|
| 856 |
4 |
0 |
|u http://misc.bibl.u-szeged.hu/68191/2/2068_oa_g75.pdf
|z Dokumentum-elérés
|